Les femmes remarquables 2 - Statistiques

Statistiques générales
  • Ce quiz a été pris 6 fois
  • Le résultat moyen est 2 sur 25
Statistiques - réponses
Hint Explanation Réponse % Correct
Amelia Earhart Etats-Unis - 1897-1937 1ère 1ère à traverser l'Atlantique en avion
83%
Marie Curie France - 1867-1937 1ère Nobel seule et 1ère Nobel associée
67%
Hélène Carrère d'Encausse France - 1929 1ère secrétaire perpétuelle de l'Académie française
33%
Valentina Terechkova URSS - 1937 1ère cosmonaute
17%
Janine Lambotte Belgique - 1925-2012 1ère présentatrice de journal TV en Europe
17%
Isabel Péron Argentine - 1931 1ère présidente d'un pays
17%
Jeanne Labrosse France - 1775-1847 1ère aérostière
0%
Jeanne Barret France - 1740-1807 1ère à faire le tour du monde
0%
Adrienne Bolland France - 1895-1975 1ère à franchir les Andes en avion
0%
Vijaya Lakshmi Pandit Inde - 1900-1990 1ère à présider l'Assemblée générale de l'ONU
0%
Annie Edson Taylor Etats-Unis - 1838-1921 1ère à survivre à la descente des chutes du Niagara en tonneau
0%
Jeanne Chauvin France - 1862-1926 1ère avocat à plaider en France
0%
Elena Cornaro Piscopia Italie - 1646-1684 1ère docteur en philosophie
0%
Ann Bancroft Etats-Unis - 1955 1ère femme à vaincre les deux pôles
0%
Sirimavo Bandaranaike Sri Lanka - 1916-2000 1ère femme premier ministre
0%
Lucienne Heuvelmans France - 1881-1944 1ère lauréate du Prix de Rome
0%
Charlotte Béquignon-Lagarde France - 1900-1993 1ère magistrate en France
0%
Bertha von Suttner Autriche - 1843-1914 1ère Nobel de la Paix
0%
Thérèse Peltier France - 1873-1626 1ère passagère d'un avion
0%
Sonia de Borodesky France - 1926-1999 1ère patronne de pêche
0%
Harriett Quimby Etats-Unis - 1875-1912 1ère pilote à traverser la Manche
0%
Elise Deroche France - 1882-1919 1ère pilote d'avion brevetée
0%
Vigdis Finnbogadottir Islande - 1930 1ère présidente d'un pays élue au suffrage universel
0%
Isabelle du Brésil Brésil - 1846-1921 1ère sénatrice
0%
Sophie Blanchard France - 1778-1819 1ère victime d'un accident aérien
0%
Aucun quiz correspondant
Distribution des résultats
% des personnes avec chaque résultat
Percentile par nombre de réponses
Votre historique - résultats
Vous n’avez pas pris ce quiz